01068nabaa22002057a 4500003000400000005001700004008004100021040000700062100002300069245019500092300001300287500003700300505021600337505008900553650002700642650002300669700003200692700002600724773011200750OSt20260123231850.0190701b xxu||||| |||| 00| 0 spa d cPJ aJuliá, Marta S. 13aEl derecho administrativo frente al cambio climático : bdesafíos y oportunidades frente a la regulación ambiental /cMarta S. Juliá, M. Cecilia Tello Roldán, M. Eugenia Villalba.  ap. 23-32 aCita: TR LALEY AR/DOC/1107/2024  aSumario: I. Introducción.— II. Panorama normativo.— III. Impacto de los cambios institucionales de la nueva gestión gubernamental (2023-2027) en la política de cambio climático.— IV. Conclusiones.  t¿Te interesa el texto completo? Comunicate al correo: koha@justierradelfuego.gov.ar 0aDERECHO ADMINISTRATIVO 0aCAMBIO CLIMÁTICO aTello Roldán, M. Cecilia  aVillalba, M. Eugenia 0 02842dBuenos Aires : AbeledoPerrot, 2012-oDA121tDerecho administrativo. Nº 153 mayo/junio 2024z18510590